| 000 | 00376nam a2200133 a 4500 | ||
|---|---|---|---|
| 005 | 20140414132105.0 | ||
| 008 | 100823s19uu xx 00 eng d | ||
| 050 |
_aTR 425 _bAv1 2007 |
||
| 100 | _aAvalos, Adelaida | ||
| 245 | _aFrom grammar to fluency in 30 days. | ||
| 260 |
_aManila, Philippines : _bFPR Pub, _c2007. |
||
| 650 |
_aEnglish language _xgrammar |
||
| 999 |
_c114572 _d114572 |
||